Geography Quiz

Random Geography or World Quiz
Score 0/10 Timer 10:00
0 Plays Today
% Correct
USA
88.5%
France
84.6%
China
53.8%
UK
50%
Spain
46.2%
Italy
34.6%
Thailand
30.8%
Germany
26.9%
Mexico
19.2%
Turkey
11.5%

You're not logged in!

Compare scores with friends on all Sporcle quizzes.
OR
Log In

Sporcle TV

Today on Sporcle TV


Watch our educational content, quiz creation guides, and fun videos on Sporcle TV.

Show Comments

Extras

Created Jul 6, 2019ReportNominate
Tags:World Quiz, map

Top Quizzes Today


Score Distribution

Paid Content

Your Account Isn't Verified!

In order to create a playlist on Sporcle, you need to verify the email address you used during registration. Go to your Sporcle Settings to finish the process.

Report this User

Report this user for behavior that violates our Community Guidelines.

Details: